| 000 | 00802nam a2200241 a 4500 | ||
|---|---|---|---|
| 005 | 20240229063552.0 | ||
| 008 | 140520s2006 ag r 000 0 spa d | ||
| 020 | _a9500832801 (10 dígitos) | ||
| 020 | _a9789500832809 (13 dígitos) | ||
| 035 | _aUPN01000197321 | ||
| 049 | _aI | ||
| 050 | 4 |
_aPZ74 _bR4.2 |
|
| 100 | 1 |
_aRepún, Graciela Beatriz, _d1951- _932429 |
|
| 245 | 1 | 1 |
_a¿Adónde va el príncipe? / _cGraciela Repún, Florencia Esses ; il. Valeria Cis. |
| 260 |
_aBuenos Aires : _bAtlántida, _c2006. |
||
| 300 |
_a[26] p. : _bprincipalmente il. col. |
||
| 440 | 0 | _aAtlántida mini | |
| 650 | 4 |
_aLiteratura infantil argentina _97511 |
|
| 650 | 7 |
_aLibros ilustrados para niños _2 _921365 |
|
| 700 | 1 |
_aEsses, Florencia, _d1973- _ecoaut. _938871 |
|
| 905 | _aInfantil | ||
| 999 |
_c169422 _d169422 |
||